| 000 | 00399nam a2200097Ia 4500 | ||
|---|---|---|---|
| 082 | _a616.3069 WHIT | ||
| 245 | 0 | _aNatural alternatives to Nexium, Maalox, Tagamet, Prilosec & other acid blockers : what to use to relieve acid reflux, heartburn, and gastric ailments | |
| 100 |
_a WHITTEKIN, Martie Garden City Park, NY, 2009 _975815 |
||
| 942 | _cBK | ||
| 008 | 210817s9999 xx 000 0 und d | ||
| 999 |
_c251096 _d251095 |
||